000
00276nam a2200121Ia 4500
008
230303s9999 xx 000 0 und d
041
_a
eng
082
_a
005.133 PEW
100
_a
PEW (JOHN A)
245
_a
Instant Java
260
_a
New Delhi
_b
PRENTICE HALL
365
_c
RS
999
_c
176307
_d
176307